Countries From Three Sites: Americas Quiz Stats

 Plays Quiz Updated Nov 14, 2015

Challenge
Share
Tweet
Embed
Score 0/18 Timer 06:00
1 Play Today
% Correct
United States of America
97.8%
Panama
93.1%
Jamaica
91.8%
Canada
91.6%
Brazil
90.9%
Peru
85.7%
Bahamas
77.7%
Ecuador
64.7%
Venezuela
60.9%
% Correct
Mexico
60.4%
Guyana
56%
Cuba
55.3%
Haiti
54.5%
Chile
45.5%
Argentina
42.8%
Dominican Republic
36.8%
Colombia
31.9%
Costa Rica
27.1%

You're not logged in!

Compare scores with friends on all Sporcle quizzes.
Join for Free
OR
Log In

You Might Also Like...

Show Comments

Extras

Top Quizzes Today


Score Distribution

Your Account Isn't Verified!

In order to create a playlist on Sporcle, you need to verify the email address you used during registration. Go to your Sporcle Settings to finish the process.

Report this User

Report this user for behavior that violates our Community Guidelines.

Details: